Μελέτη της δυναμικής ετεροτρόφων βακτηρίων φυτοπλαγκτού σε εύτροφες συνθήκες : ανάπτυξη μοντέλου προσομοίωσης : πτυχιακή εργασία

Αποθηκεύτηκε σε:
Λεπτομέρειες βιβλιογραφικής εγγραφής
Κύριος συγγραφέας: Φαρίδης, Ευστάθιος Α.
Συγγραφή απο Οργανισμό/Αρχή: Πανεπιστήμιο Αιγαίου. Σχολή Περιβάλλοντος. Τμήμα Περιβάλλοντος
Άλλοι συγγραφείς: Καρύδης, Μιχάλης (Εισηγητής διατριβής), Κωστοπούλου-Καραντανέλλη, Μαρία (Εισηγητής διατριβής)
Μορφή: Thesis Βιβλίο
Γλώσσα:Greek
Δημοσίευση: Μυτιλήνη : Πανεπιστήμιο Αιγαίου, Σχολή Περιβάλλοντος, Τμήμα Περιβάλλοντος, 1992
Θέματα:
Διαθέσιμο Online:http://hdl.handle.net/11610/10569
Ετικέτες: Προσθήκη ετικέτας
Δεν υπάρχουν, Καταχωρήστε ετικέτα πρώτοι!

MARC

LEADER 00000cam a2200000 i 4500
001 1/3161
008 000517s1992 gre d
035 |l 10060699 
040 |a GR-MY-UA  |b gre  |e aacr 
041 0 |a gre 
082 0 |a 577.63158  |2 (22) 
100 1 |a Φαρίδης, Ευστάθιος Α. 
245 1 0 |a Μελέτη της δυναμικής ετεροτρόφων βακτηρίων φυτοπλαγκτού σε εύτροφες συνθήκες :  |b ανάπτυξη μοντέλου προσομοίωσης : πτυχιακή εργασία /  |c Φαρίδης Ευστάθιος Α. ; επιβλέποντες Μ. Καραντανέλλη - Μ. Καρύδης 
260 |a Μυτιλήνη :   |b Πανεπιστήμιο Αιγαίου, Σχολή Περιβάλλοντος, Τμήμα Περιβάλλοντος,   |c 1992 
300 |a 42 σ.  |b πιν.,σχ. 
502 |a Πτυχιακή εργασία – Πανεπιστήμιο Αιγαίου, Λέσβος, 1992. 
504 |a Περιέχει βιβλιογραφία 
650 0 0 |a Phytoplankton  |x Research. 
650 0 |a Marine eutrophication  |z Greece  |z Mytilene (Lesbos) 
650 0 |a Marine biology  |z Greece  |z Mytilene (Lesbos) 
650 0 0 |a Dissertations, Academic  |z Greece. 
700 1 |a Καρύδης, Μιχάλης.  |4 ths 
700 1 |4 ths  |a Κωστοπούλου-Καραντανέλλη, Μαρία. 
710 2 |a Πανεπιστήμιο Αιγαίου.   |b Σχολή Περιβάλλοντος.   |b Τμήμα Περιβάλλοντος. 
852 |a INST  |b LESVOS  |c DIATR  |e 20000517  |h 7  |p 005100024254  |q 005100024254  |t DIE  |y 23 
852 |a INST  |b LESVOS  |c DIATR  |e 20000517  |h 8  |p 005100024255  |q 005100024255  |t DIE  |y 23 
856 |u http://hdl.handle.net/11610/10569 
901 |a BIBL1-2000-2 
909 |a Λ  |b 078647 
909 |a Λ  |b 078648 
924 |a ΦΑΡΙΔΗΣ  |b ΕΥΣΤΑΘΙΟΣ Α.  |y ΛΕΣΒΟΣ  |z 1993-03 
970 |a ΑΙΒΑΤΖΙΔΟΥ  |b ΕΛΕΝΗ  |z 2000/05/17